| 000 | 00725nam a22002177a 4500 | ||
|---|---|---|---|
| 999 |
_c10548 _d10548 |
||
| 003 | AR-CdUCM | ||
| 008 | 190401b ||||| |||| 00| 0 spa d | ||
| 040 |
_aMUNICIPALIDAD PROVINCIAL DEL CUSCO _cBIBLIOTECA MUNICIPAL DEL CUSCO |
||
| 082 |
_a869.964 / _bC268E |
||
| 100 |
_aCardoso, Onelio Jorge _927485 |
||
| 245 | _aEl hilo y la cuerda / | ||
| 260 |
_aLa Habana : _bUNEAC, _c1974 |
||
| 300 |
_a90 páginas ; _c21 cm. |
||
| 500 | _aDonación de la familia Nieto. Dedicatoria a Luis Nieto | ||
| 505 | _aContenido: El hilo y la cuerda -- Caballo -- La serpiente y su cola -- El hambre ... | ||
| 650 |
_aLiteratura Cubana _9668 |
||
| 650 |
_aPoesía _9139 |
||
| 650 |
_aSiglo XX _98 |
||
| 942 |
_2ddc _cLIBROS |
||
| 945 | _acmm | ||